Pokemon that Evolve by Items - Statistics

General Stats
  • This quiz has been taken 84 times
    83 since last reset
  • The average score is 66 of 94
Answer Stats
Evolution Items Pokemon % Correct
Thunder Stone Raichu
97%
Thunder Stone Jolteon
93%
Fire Stone Flareon
92%
Ice Stone Glaceon
90%
Magmarizer Magmortar
90%
Electirizer Electivire
88%
Leaf Stone Leafeon
88%
Upgrade Porygon2
88%
Dubious Disc Porygon-Z
88%
Metal Coat Scizor
88%
King’s Rock Slowking
88%
Moon Stone Clefable
87%
Water Stone Vaporeon
87%
Sun Stone Bellossom
85%
Reaper Cloth Dusknoir
85%
Fire Stone Ninetales
85%
Metal Coat Steelix
85%
Linking Cord Alakazam
83%
Tart Apple Flapple
83%
Deep Sea Tooth Huntail
83%
Fire Stone Arcanine
82%
Deep Sea Scale Gorebyss
82%
Linking Cord Machamp
82%
King’s Rock Politoed
82%
Sweet Apple Appletun
80%
Dawn Stone Gallade
80%
Linking Cord Gengar
80%
Dragon Scale Kingdra
80%
Moon Stone Nidoking
80%
Moon Stone Nidoqueen
80%
Razor Fang Weavile
80%
Thunder Stone Magnezone
78%
Protector Rhyperior
78%
Moon Stone Wigglytuff
78%
Dawn Stone Froslass
77%
Oval Stone Chansey
75%
Razor Fang Gliscor
75%
Linking Cord Golem
75%
Cracked Pot Polteageist
75%
Shiny Stone Togekiss
75%
Auspicious Armor Armarouge
73%
Sachet Aromatisse
73%
Black Augurite Kleavor
73%
Leaf Stone Vileplume
73%
Sweet Alcremie
72%
Malicious Armor Ceruledge
72%
Prism Scale Milotic
72%
Water Stone Poliwrath
72%
Whipped Dream Slurpuff
72%
Syrupy Apple Dipplin
70%
Sun Stone Lilligant
70%
Dusk Stone Mismagius
70%
Water Stone Simipour
70%
Leaf Stone Simisage
70%
Fire Stone Simisear
70%
Sun Stone Sunflora
70%
Peat Block Ursaluna
70%
Scroll of Darkness / Scroll of Waters Urshifu
70%
Leaf Stone Victreebel
68%
Sun Stone Whimsicott
68%
Shiny Stone Cinccino
67%
Dusk Stone Honchkrow
67%
Water Stone Cloyster
65%
Thunder Stone Eelektross
63%
Moon Stone Musharna
63%
Leaf Stone Shiftry
63%
Unremarkable Teacup Sinistcha
63%
Dusk Stone Chandelure
62%
Shiny Stone Roserade
62%
Ice Stone Alolan Ninetales
60%
Sun Stone Heliolisk
60%
Water Stone Ludicolo
60%
Ice Stone Alolan Sandslash
57%
Galarica Cuff Galarian Slowbro
57%
Galarica Wreath Galarian Slowking
57%
Thunder Stone Probopass
57%
Razor Fang Sneasler
57%
Metal Alloy Archaludon
55%
Leaf Stone Exeggutor
55%
Water Stone Starmie
55%
Thunder Stone Vikavolt
55%
Dusk Stone Aegislash
53%
Ice Stone Crabominable
53%
Thunder Stone Alolan Raichu
50%
Shiny Stone Florges
50%
Fire Stone Hisuian Arcanine
50%
Moon Stone Delcatty
47%
Ice Stone Cetitan
43%
Leaf Stone Alolan Exeggutor
40%
Sun Stone Hisuian Lilligant
40%
Thunder Stone Bellibolt
38%
Ice Stone Galarian Darmanitan
38%
Leaf Stone Hisuian Electrode
37%
Fire Stone Scovillain
35%
No matching quizzes found
Score Distribution
Percent of People with Each Score
Percentile by Number Answered
Your Score History
You have not taken this quiz since the last reset